000 00238nam a2200097Ia 4500
008 240331s9999 xx 000 0 und d
082 _bYOG
100 _aYogarasa, S
245 0 _aIndraya illakiyangalil ithihasap penn pathirangal
942 _cL
999 _c1497
_d1497